=LDR 00000nam 2200000 4500 =001 INLIS000000000040984 =005 20130612150534 =008 ***********************************ind** =035 ##$$0010-061300000040984 =041 ##$$a ind =082 ##$$a 813 =090 ##$$a 813, Rob k.1 =100 ##$$a ROBB, J.D =245 ##$$a Kesetiaan dalam kematian, J.d Rabb; Alih bahasa,Eliyanti jacob saleh =260 ##$$a 2010 $b Jakarta =300 ##$$a 536 Hlm, 18 cm =650 ##$$a FIKSI =700 ##$$a SALEH, Jacob =850 ##$$a NBPNMAT